000 00861nas a2200289 4500
001 BR0200463
003 BR-BrBNA
005 20231205102640.0
007 ta
008 230509b bl.|||p| |||| 00| 00por d
040 _aBR-BrBNA
_bpor
_cBiblioteca Nacional de Agricultura
041 _a(Pt)
072 _aF03
100 1 _aBredemeier, C.
100 1 _aMundstock, C.M.
100 1 _aBüttenbender, D.
245 1 _aEfeito do tamanho das sementes de trigo no desenvolvimento inicial das plantas e no rendimento de grãos
650 _aTRIGO
650 _aSEMENTE
650 _aTAMANHO
650 _aGRÃO
650 _aPLÂNTULA
650 _aBROTAÇÃO
773 0 _tPesquisa Agropecuária Brasileira (Brazil)
_xISSN 0100-204X
_g(Aug 2001), v. 36(8) p. 1061-1068
_wBR0200463
909 _a202311
_bLúcia
_c55
_dLúcia Elande
942 _2AGRIS
_n0
_cANA
999 _c168624
_d168624